[Event "DUBAI CUP 2004"]
[Site "Tagaytay, Phil."]
[Date "2004.03.26"]
[Round "7.2"]
[White "Abdulghafour, Yousef"]
[Black "Taleb, Moussa"]
[Result "0-1"]
[WhiteElo "2143"]
[BlackElo "2459"]
[PlyCount "82"]
[EventDate "2004.03.21"]

1. d4 Nf6 2. Nf3 e6 3. Bg5 Be7 4. e3 b6 5. Nbd2 Bb7 6. Bd3 h6 7. Bxf6 Bxf6 8.
c3 d6 9. Qe2 c5 10. O-O O-O 11. Ne4 Be7 12. Rad1 Qc7 13. Rfe1 a6 14. Ng3 Nd7
15. Be4 Bxe4 16. Nxe4 b5 17. Rd2 Rfc8 18. Red1 cxd4 19. cxd4 d5 20. Nc3 Rab8
21. Ne1 Qa5 22. a3 Nb6 23. Nd3 Nc4 24. Rc2 Nxb2 25. Nxd5 exd5 26. Rxb2 Bxa3 27.
Rc2 Rc4 28. Ne5 Rxc2 29. Qxc2 Bd6 30. Nc6 Qc7 31. Rc1 Rb6 32. g3 Ba3 33. Ne5
Qxc2 34. Rxc2 f6 35. Rc8+ Kh7 36. Nf7 b4 37. h4 b3 38. h5 g6 39. Rc7 b2 40.
Ne5+ Kg8 41. Rc8+ Bf8 0-1

[Event "DUBAI CUP 2004"]
[Site "Tagaytay, Phil."]
[Date "2004.03.26"]
[Round "7.3"]
[White "Nabil, Saleh"]
[Black "Al-Sulaiti, Ghanem"]
[Result "1/2-1/2"]
[WhiteElo "2349"]
[BlackElo "2065"]
[PlyCount "27"]
[EventDate "2004.03.21"]

1. d4 d5 2. Nf3 Nf6 3. c4 e6 4. e3 c5 5. Nc3 Nc6 6. Be2 dxc4 7. Bxc4 Be7 8. O-O
O-O 9. b3 a6 10. a4 b6 11. Ba3 cxd4 12. Bxe7 Qxe7 13. Nxd4 Bb7 14. Nxc6 1/2-1/2

[Event "DUBAI CUP 2004"]
[Site "Tagaytay, Phil."]
[Date "2004.03.26"]
[Round "7.1"]
[White "Tran, Duc Hoa Khanh"]
[Black "Wong, Zi Jing"]
[Result "0-1"]
[WhiteElo "2200"]
[BlackElo "2339"]
[PlyCount "158"]
[EventDate "2004.03.21"]

1. d4 Nf6 2. Nf3 c5 3. c3 b6 4. Bf4 Bb7 5. e3 g6 6. Nbd2 Bg7 7. Qb3 cxd4 8.
cxd4 O-O 9. Be2 d6 10. O-O Nbd7 11. Rfd1 Rc8 12. Qa3 Rc7 13. Bg3 Qa8 14. Rac1
Rfc8 15. b4 Nd5 16. Bc4 N7f6 17. Qb2 Ne4 18. Bxd5 Bxd5 19. Rxc7 Rxc7 20. Nxe4
Bxe4 21. Rc1 Rxc1+ 22. Qxc1 Bxf3 23. gxf3 Qxf3 24. Qc8+ Bf8 25. Bf4 Qh5 26. Qb8
g5 27. Bg3 Qd1+ 28. Kg2 Qa4 29. Qc8 Qxa2 30. h4 h6 31. hxg5 Qd5+ 32. Kh2 hxg5
33. Qc7 Qb5 34. Qxa7 Qxb4 35. Qb7 Qa5 36. Qe4 Qa7 37. Qf5 Bh6 38. Qb5 Kg7 39.
e4 Kf8 40. e5 dxe5 41. Bxe5 Qa2 42. Bg3 Qe6 43. d5 Qg6 44. Qd7 Qf6 45. Kg2 Kg8
46. Qc7 Bf8 47. Qd7 Qg6 48. Qc6 Qe4+ 49. Kh2 e6 50. Qxb6 Qxd5 51. Qb8 Qc5 52.
Qd8 Kg7 53. Qd2 Be7 54. Qe2 Bd6 55. Qb2+ Kg8 56. Kg2 Qd5+ 57. Kh2 Bxg3+ 58.
Kxg3 Kh7 59. Qc2+ Qf5 60. Qe2 Kg6 61. Qb2 Qf4+ 62. Kg2 Qe4+ 63. Kg1 Qg4+ 64.
Kf1 Qh3+ 65. Kg1 f6 66. Qb8 Qg4+ 67. Kf1 Qc4+ 68. Kg1 e5 69. Qe8+ Qf7 70. Qc6
Qe7 71. Qd5 e4 72. Qg8+ Kf5 73. Qd5+ Qe5 74. Qd7+ Kg6 75. Qc8 e3 76. Qg8+ Kf5
77. Qh7+ Kg4 78. Qd7+ f5 79. Qa4+ Qe4 0-1

[Event "DUBAI CUP 2004"]
[Site "Tagaytay, Phil."]
[Date "2004.03.26"]
[Round "7.2"]
[White "Lau, Gregory"]
[Black "Nguyen, Hoang Tuan"]
[Result "1/2-1/2"]
[WhiteElo "2161"]
[BlackElo "2227"]
[PlyCount "71"]
[EventDate "2004.03.21"]

1. Nf3 Nf6 2. c4 d5 3. cxd5 Nxd5 4. g3 g6 5. Bg2 Bg7 6. O-O O-O 7. Nc3 Nb6 8.
d3 c6 9. Be3 N8d7 10. Qc1 Re8 11. Bh6 Bh8 12. Bg5 Nf6 13. Nd2 Bg4 14. h3 Be6
15. Nde4 Nxe4 16. Nxe4 Bd5 17. Bd2 Na4 18. Nc3 Nxc3 19. Bxc3 Bxg2 20. Kxg2 Qd5+
21. Kh2 Rad8 22. Bxh8 Kxh8 23. Qc3+ Kg8 24. Rac1 e5 25. Qc4 Qa5 26. Qb3 Rd7 27.
Rc2 e4 28. dxe4 Rxe4 29. a3 Qh5 30. f3 Red4 31. Qe3 Qd5 32. Rfc1 Qd6 33. Kg2 a6
34. h4 Rd5 35. Rh1 Re7 36. Qh6 1/2-1/2

[Event "DUBAI CUP 2004"]
[Site "Tagaytay, Phil."]
[Date "2004.03.26"]
[Round "7.3"]
[White "To, Quoc Khanh"]
[Black "Siti, Zulaikha"]
[Result "1/2-1/2"]
[WhiteElo "2302"]
[BlackElo "2162"]
[PlyCount "54"]
[EventDate "2004.03.21"]

1. e4 e5 2. Nc3 Nf6 3. g3 d5 4. exd5 Nxd5 5. Bg2 Nxc3 6. bxc3 Bd6 7. Ne2 O-O 8.
O-O c6 9. a4 Be6 10. f4 f5 11. fxe5 Bxe5 12. d4 Bd6 13. Qd3 Nd7 14. Bf4 Nb6 15.
Rf2 Bc4 16. Qd2 Nd5 17. Bxd6 Qxd6 18. Nc1 Rae8 19. Nd3 Bxd3 20. cxd3 Ne3 21.
Bf3 g5 22. Re1 f4 23. gxf4 gxf4 24. Kh1 Kh8 25. Be4 Re6 26. Qe2 Qe7 27. Rg1 Nd5
1/2-1/2

[Event "DUBAI CUP 2004"]
[Site "Tagaytay, Phil."]
[Date "2004.03.26"]
[Round "7.4"]
[White "Yu, Melvin"]
[Black "Fesalbon, Rolando"]
[Result "0-1"]
[WhiteElo "1800"]
[BlackElo "2170"]
[PlyCount "108"]
[EventDate "2004.03.21"]

1. e4 d5 2. exd5 Qxd5 3. Nc3 Qa5 4. Nf3 e5 5. Bc4 Be7 6. d3 Nf6 7. O-O O-O 8.
Re1 Bg4 9. Bd2 Qc5 10. Qe2 Nbd7 11. Ne4 Qc6 12. Bc3 Nxe4 13. Qxe4 Bxf3 14. Qxf3
Qxf3 15. gxf3 Bd6 16. Re2 Rfe8 17. Rae1 Kf8 18. f4 f6 19. fxe5 Bxe5 20. d4 Bd6
21. Rxe8+ Rxe8 22. Rxe8+ Kxe8 23. Kg2 c6 24. h3 Ke7 25. Kf3 f5 26. Ke3 g5 27.
Kf3 h5 28. Bd3 Ke6 29. Bc4+ Kf6 30. Be2 Nb6 31. d5+ Be5 32. Bxe5+ Kxe5 33. dxc6
bxc6 34. c3 Na4 35. Kg2 h4 36. Bf3 Kd6 37. Be2 Nxb2 38. Kf3 Ke5 39. Ke3 Na4 40.
c4 Nb6 41. f3 c5 42. Bf1 Na8 43. Be2 Nc7 44. Bd1 Ne6 45. Ba4 Nf4 46. Bd1 Nxh3
47. Be2 Nf4 48. Bf1 a5 49. a4 Nh5 50. Bh3 Nf6 51. Bf1 Nd7 52. Bd3 Nb6 53. Be2
Nxa4 54. Bd3 Nb6 0-1

[Event "DUBAI CUP 2004"]
[Site "Tagaytay, Phil."]
[Date "2004.03.27"]
[Round "9.1"]
[White "Paragua, Mark"]
[Black "Moradiabadi, Elshan"]
[Result "0-1"]
[WhiteElo "2529"]
[BlackElo "2383"]
[PlyCount "118"]
[EventDate "2004.03.21"]

1. e4 e5 2. Nf3 Nc6 3. d4 exd4 4. Bc4 Nf6 5. e5 d5 6. Bb5 Ne4 7. Nxd4 Bd7 8.
Bxc6 bxc6 9. O-O Be7 10. f3 Nc5 11. Be3 O-O 12. Nc3 f6 13. f4 Qe8 14. exf6 Bxf6
15. Qf3 Ne6 16. Nxe6 Qxe6 17. Bc5 Rfe8 18. f5 Qf7 19. Rad1 a5 20. Bd4 Kh8 21.
Qf4 Bxd4+ 22. Rxd4 Qf6 23. Qh4 Rab8 24. Qxf6 gxf6 25. Na4 Re5 26. g4 Rg8 27.
Kh1 h5 28. Nc5 Bc8 29. Nd3 Re4 30. Rxe4 dxe4 31. Nc5 Rxg4 32. h3 Rh4 33. Kg2 e3
34. c3 e2 35. Re1 Bxf5 36. Rxe2 Bxh3+ 37. Kg3 Rc4 38. Nb3 Bg4 39. Re8+ Kg7 40.
Re7+ Kg6 41. Nxa5 Ra4 42. Nxc6 Rxa2 43. Rxc7 Rxb2 44. Nd4 Rd2 45. Rc5 Rd3+ 46.
Kf4 Bd1 47. Ke4 Rg3 48. Rc8 Bg4 49. Rc7 h4 50. Kf4 Rg1 51. Rb7 h3 52. Rb2 Kh5
53. Rb8 Rf1+ 54. Kg3 f5 55. Rh8+ Kg6 56. c4 Rc1 57. Ne6 Rc3+ 58. Kh2 Rxc4 59.
Kg3 Rc3+ 0-1

[Event "DUBAI CUP 2004"]
[Site "Tagaytay, Phil."]
[Date "2004.03.27"]
[Round "9.3"]
[White "Bitoon, Richard"]
[Black "Ghorbani, Mohsen"]
[Result "0-1"]
[WhiteElo "2430"]
[BlackElo "2322"]
[PlyCount "68"]
[EventDate "2004.03.21"]

1. e4 c5 2. Nf3 Nc6 3. d4 cxd4 4. Nxd4 Qc7 5. Be3 Nf6 6. Nc3 e6 7. Qd2 a6 8.
O-O-O Ne5 9. f3 h5 10. Nb3 b5 11. Kb1 Rb8 12. Bd4 d6 13. f4 Ned7 14. a3 Be7 15.
Be2 Bb7 16. Bf3 e5 17. Be3 Nb6 18. Na5 Nc4 19. Nxc4 bxc4 20. Ka2 O-O 21. f5
Rfd8 22. Bg5 Qb6 23. Bxf6 Bxf6 24. Rb1 Bc6 25. Rhd1 h4 26. Nd5 Bxd5 27. Qxd5
Rbc8 28. Be2 Rc5 29. Qd2 d5 30. exd5 e4 31. Qe3 Rb8 32. Qxe4 Rb5 33. b3 Rxb3
34. Rxb3 cxb3+ 0-1

[Event "DUBAI CUP 2004"]
[Site "Tagaytay, Phil."]
[Date "2004.03.27"]
[Round "9.2"]
[White "Abdulghafour, Yousef"]
[Black "Li, Shilong"]
[Result "0-1"]
[WhiteElo "2143"]
[BlackElo "2525"]
[PlyCount "90"]
[EventDate "2004.03.21"]

1. d4 Nf6 2. Nf3 e6 3. Bg5 h6 4. Bxf6 Qxf6 5. e4 d6 6. c3 Nd7 7. Bd3 a6 8. O-O
g6 9. Nbd2 Bg7 10. Qe2 O-O 11. h3 e5 12. dxe5 dxe5 13. Nc4 Re8 14. Ne3 Nc5 15.
Bc2 Ne6 16. Nd5 Qd8 17. Rad1 c6 18. Ne3 Nf4 19. Qe1 Qf6 20. Ng4 Nxh3+ 21. gxh3
Qxf3 22. Rd3 Qf4 23. Qe3 Qxe3 24. Rxe3 Be6 25. Rd1 Rad8 26. Red3 Rxd3 27. Rxd3
h5 28. Nh2 Bf6 29. Bb3 Bxb3 30. axb3 Rd8 31. Rxd8+ Bxd8 32. Nf3 f6 33. Kf1 Kf7
34. Ke2 Bc7 35. Ne1 f5 36. f3 a5 37. Nd3 Bd6 38. Ne1 Kf6 39. Kd3 g5 40. Ng2 Bc5
41. Kc4 Bf2 42. b4 axb4 43. Kxb4 f4 44. Kc4 g4 45. hxg4 hxg4 0-1

[Event "DUBAI CUP 2004"]
[Site "Tagaytay, Phil."]
[Date "2004.03.27"]
[Round "9.1"]
[White "Ali, Alhalila"]
[Black "Torre, Eugenio"]
[Result "0-1"]
[WhiteElo "2050"]
[BlackElo "2521"]
[PlyCount "72"]
[EventDate "2004.03.21"]

1. d4 d6 2. c4 g6 3. Nc3 Bg7 4. e4 Nf6 5. f4 O-O 6. Nf3 c5 7. d5 e6 8. Bd3 exd5
9. exd5 Re8+ 10. Ne2 b5 11. O-O bxc4 12. Bxc4 Nbd7 13. Nc3 Nb6 14. Bb5 Bd7 15.
Ba6 Ne4 16. Bd2 Rb8 17. Re1 Nxc3 18. Bxc3 Rxe1+ 19. Nxe1 Bxc3 20. bxc3 Qf6 21.
Qf3 Na4 22. Rc1 Rb2 23. Bc4 Nb6 24. Qf1 Nxc4 25. Qxc4 Bb5 26. Qe4 Re2 27. Qf3
Rxa2 28. h3 Ra4 29. f5 Qg5 30. Rb1 Rf4 31. Rxb5 Rxf3 32. Nxf3 Qxf5 33. Rb8+ Kg7
34. c4 a5 35. Kh1 a4 36. Rb2 a3 0-1

[Event "DUBAI CUP 2004"]
[Site "Tagaytay, Phil."]
[Date "2004.03.27"]
[Round "9.2"]
[White "Antonio Jr, Rogelio"]
[Black "Sabri, Abdulmuawla"]
[Result "1-0"]
[WhiteElo "2523"]
[BlackElo "2196"]
[PlyCount "89"]
[EventDate "2004.03.21"]

1. e4 c5 2. c3 d5 3. exd5 Qxd5 4. d4 Nc6 5. Nf3 Bg4 6. Be2 e6 7. h3 Bxf3 8.
Bxf3 Qd7 9. Be3 cxd4 10. cxd4 Nf6 11. Nc3 Be7 12. O-O O-O 13. d5 exd5 14. Nxd5
Nxd5 15. Qxd5 Qxd5 16. Bxd5 Bf6 17. Rfd1 Rfd8 18. Rab1 h6 19. b3 Rac8 20. Be4
a6 21. Bb6 Rxd1+ 22. Rxd1 Bd8 23. Be3 Bf6 24. Rd7 b5 25. Rd6 Nb4 26. a3 Be5 27.
Rd1 Na2 28. Bf5 Nc3 29. Bxc8 Nxd1 30. Bb6 Bd6 31. Bxa6 Bxa3 32. Bxb5 Bb4 33.
Bc4 Nc3 34. Kf1 g5 35. f3 Kg7 36. Bd4+ f6 37. Kf2 h5 38. Ke3 h4 39. Kd3 Na2 40.
Ke4 Kg6 41. Kd5 Be7 42. Kc6 Bd8 43. Bd3+ Kg7 44. Be4 Nb4+ 45. Kd7 1-0

[Event "DUBAI CUP 2004"]
[Site "Tagaytay, Phil."]
[Date "2004.03.27"]
[Round "9.4"]
[White "Gonzales, Jayson"]
[Black "Hatim, Al-Hadarani"]
[Result "1-0"]
[WhiteElo "2523"]
[BlackElo "2196"]
[PlyCount "85"]
[EventDate "2004.03.21"]

1. g3 d5 2. Bg2 e5 3. d3 c6 4. Nf3 Bd6 5. e4 Ne7 6. Nc3 d4 7. Ne2 c5 8. Nd2
Nbc6 9. h3 f6 10. a3 Be6 11. f4 exf4 12. gxf4 Qd7 13. Nf3 a5 14. c3 Bc7 15. c4
g6 16. b3 h6 17. Bd2 b6 18. b4 axb4 19. axb4 O-O 20. b5 Rxa1 21. Qxa1 Na5 22.
Qb2 g5 23. f5 Bf7 24. h4 g4 25. Bxh6 Ra8 26. Nd2 Kh7 27. Bf4 Be5 28. O-O Bxc4
29. dxc4 d3 30. Bxe5 dxe2 31. Bxf6 exf1=Q+ 32. Bxf1 Ng8 33. Bc3 Rd8 34. Qb1 Kh6
35. Qe1 Qe7 36. e5 Kh5 37. Ne4 Nb3 38. f6 Qh7 39. Qe3 Qg6 40. Be1 Nd4 41. Ng3+
Kxh4 42. Nf5+ Kh5 43. Ng7+ 1-0

[Event "DUBAI CUP 2004"]
[Site "Tagaytay, Phil."]
[Date "2004.03.27"]
[Round "9.1"]
[White "Megaranto, Susanto"]
[Black "Senador, Emmanuel"]
[Result "1/2-1/2"]
[WhiteElo "2458"]
[BlackElo "2453"]
[PlyCount "66"]
[EventDate "2004.03.21"]

1. e4 c5 2. Nf3 g6 3. d4 Bg7 4. c3 cxd4 5. cxd4 d5 6. e5 Bg4 7. Nc3 Nc6 8. Be2
Bxf3 9. Bxf3 e6 10. h4 Nge7 11. Bg5 Qb6 12. Bxe7 Nxe7 13. h5 O-O 14. Qd2 Rac8
15. Rd1 Rc4 16. Kf1 Nf5 17. Ne2 Rfc8 18. g4 Ne7 19. Kg2 Rc2 20. Qg5 Nc6 21.
hxg6 hxg6 22. Qf4 Qb5 23. Rh7 g5 24. Rxg7+ Kxg7 25. Qf6+ Kf8 26. Qh8+ Ke7 27.
Qxc8 Rxe2 28. Bxe2 Qxe2 29. Qxb7+ Kf8 30. Qb3 Qxg4+ 31. Kf1 Ne7 32. Rd3 Nf5 33.
Qd1 Qe4 1/2-1/2

[Event "DUBAI CUP 2004"]
[Site "Tagaytay, Phil."]
[Date "2004.03.27"]
[Round "9.2"]
[White "Nadera, Barlo"]
[Black "Purnama, Tirta Chandra"]
[Result "1-0"]
[WhiteElo "2390"]
[BlackElo "2289"]
[PlyCount "103"]
[EventDate "2004.03.21"]

1. d4 d5 2. Nf3 Nf6 3. g3 c5 4. c3 Nc6 5. Bg2 e6 6. O-O Bd6 7. a3 O-O 8. b4
cxd4 9. cxd4 Bd7 10. Nc3 a5 11. b5 Na7 12. Qd3 Qc7 13. Bg5 Ne4 14. Rfc1 Nxc3
15. Rxc3 Qb6 16. a4 Rfc8 17. Rac1 Rxc3 18. Rxc3 Rc8 19. Bd2 Bb4 20. Rxc8+ Nxc8
21. e4 Qc7 22. Ne5 Ne7 23. Bf4 Bd6 24. Qd2 Bc8 25. exd5 exd5 26. Nd3 b6 27. Qe2
Kf8 28. Qh5 h6 29. Bxd5 Bxf4 30. Nxf4 Qd6 31. h4 g5 32. hxg5 Nxd5 33. Nxd5 Qxd5
34. Qxh6+ Kg8 35. Qxb6 Bd7 36. Qb8+ Kh7 37. Qf4 Bc8 38. g4 Qe6 39. Kh2 Kg6 40.
Kg3 Bb7 41. Qb8 Qc8 42. Qxc8 Bxc8 43. f4 Bb7 44. Kh4 Bd5 45. f5+ Kg7 46. Kg3
Kf8 47. Kf4 Ke7 48. Ke5 Bf3 49. b6 Kd7 50. g6 fxg6 51. fxg6 Bd1 52. g7 1-0

[Event "DUBAI CUP 2004"]
[Site "Tagaytay, Phil."]
[Date "2004.03.27"]
[Round "9.1"]
[White "Situru, Nathanael"]
[Black "Irzhanov, Ruslan"]
[Result "0-1"]
[WhiteElo "2375"]
[BlackElo "2501"]
[PlyCount "96"]
[EventDate "2004.03.21"]

1. e4 d6 2. d4 Nf6 3. Nc3 e5 4. dxe5 dxe5 5. Qxd8+ Kxd8 6. Bg5 Be6 7. O-O-O+
Nbd7 8. Nf3 Kc8 9. Bh4 h6 10. Bxf6 gxf6 11. a3 c6 12. Bd3 b5 13. Ne2 a5 14. Ng3
Kc7 15. Nh4 Rg8 16. Rhg1 Nc5 17. Rge1 b4 18. axb4 axb4 19. b3 Nxd3+ 20. Rxd3
Bc5 21. Re2 Bd4 22. Kd2 Ra1 23. Nhf5 Bb2 24. Ke3 Rg4 25. f3 Rg8 26. Nh5 Rf1 27.
Rf2 Rg1 28. g4 Ra8 29. f4 Rxg4 30. Kf3 Bxf5 31. exf5 Rg1 32. Nxf6 Bd4 33. Re2
Rf1+ 34. Kg2 Rxf4 35. Rf3 Rxf3 36. Kxf3 Ra1 37. Ke4 Rg1 38. Nh5 Rg5 39. Ng3 h5
40. f6 h4 41. Nf5 Rg4+ 42. Kd3 Rf4 43. Nxd4 Rxd4+ 44. Ke3 Rd6 45. Rf2 Re6 46.
Rf3 c5 47. h3 c4 48. bxc4 Rc6 0-1

[Event "DUBAI CUP 2004"]
[Site "Tagaytay, Phil."]
[Date "2004.03.27"]
[Round "9.2"]
[White "Egorov, Evgeni"]
[Black "Halay, Taufik"]
[Result "1/2-1/2"]
[WhiteElo "2381"]
[BlackElo "2212"]
[PlyCount "87"]
[EventDate "2004.03.21"]

1. e4 c5 2. Nf3 d6 3. d4 cxd4 4. Nxd4 Nf6 5. Nc3 g6 6. Bc4 Bg7 7. O-O O-O 8.
Re1 Nc6 9. Nb3 Na5 10. Bf1 Be6 11. Nd5 Re8 12. c3 Rc8 13. Bg5 Nc4 14. Bxc4 Rxc4
15. Qd3 Bxd5 16. exd5 Qc8 17. h3 a6 18. Re2 b5 19. Rae1 Kf8 20. Nd2 Rc7 21. g4
Qb7 22. Bxf6 Bxf6 23. Ne4 Be5 24. Rf1 Qb6 25. a3 a5 26. Kg2 Bg7 27. f4 Kg8 28.
f5 b4 29. axb4 axb4 30. fxg6 fxg6 31. Ng5 bxc3 32. bxc3 Rxc3 33. Qe4 Be5 34.
Nf3 Qb3 35. Rb1 Qa3 36. Rbe1 Rf8 37. Re3 Rf4 38. Rxc3 Qxc3 39. Qe3 Qxe3 40.
Rxe3 Kf7 41. Nxe5+ dxe5 42. Rxe5 Rd4 43. Kf2 Rd2+ 44. Kg3 1/2-1/2

[Event "DUBAI CUP 2004"]
[Site "Tagaytay, Phil."]
[Date "2004.03.27"]
[Round "9.3"]
[White "Askali, Nurdin"]
[Black "Ibraev, Nurlan"]
[Result "0-1"]
[WhiteElo "2323"]
[BlackElo "2427"]
[PlyCount "68"]
[EventDate "2004.03.21"]

1. d4 Nf6 2. Nf3 e6 3. e3 c5 4. Bd3 b6 5. O-O Be7 6. Qe2 cxd4 7. exd4 Bb7 8.
Nbd2 O-O 9. Re1 d6 10. c3 Nbd7 11. Ne4 Nxe4 12. Bxe4 Bxe4 13. Qxe4 d5 14. Qd3
a6 15. a4 Qb8 16. Ne5 Nxe5 17. Rxe5 g6 18. Bh6 Rc8 19. Qh3 Qd6 20. Rae1 Bf6 21.
R5e3 b5 22. Qg4 bxa4 23. h4 Qe7 24. h5 Rab8 25. hxg6 hxg6 26. g3 Rc6 27. Kg2
Rxb2 28. Rh1 a3 29. Qh3 a2 30. Ree1 Rxc3 31. Bg5 Rxf2+ 32. Kxf2 Bxd4+ 33. Be3
Qf6+ 34. Kg1 Bxe3+ 0-1

[Event "DUBAI CUP 2004"]
[Site "Tagaytay, Phil."]
[Date "2004.03.27"]
[Round "9.1"]
[White "Murali Krishnan, Thulasiraman"]
[Black "Faisal, Alsharhan"]
[Result "1/2-1/2"]
[WhiteElo "2319"]
[BlackElo "2125"]
[PlyCount "56"]
[EventDate "2004.03.21"]

1. d4 d5 2. c4 c6 3. cxd5 cxd5 4. Nc3 Nf6 5. Bf4 Nc6 6. e3 g6 7. h3 Bg7 8. Nf3
O-O 9. Bd3 Qb6 10. a3 Bf5 11. O-O Rac8 12. Na4 Qd8 13. b4 Bxd3 14. Qxd3 b6 15.
Rfc1 Ne4 16. Rc2 e6 17. Rac1 Ne7 18. Qa6 Rxc2 19. Rxc2 Nc8 20. Nc3 Ned6 21.
Bxd6 Nxd6 22. Qxa7 Qa8 23. Qxa8 Rxa8 24. a4 Nc4 25. Nd2 Nxd2 26. Rxd2 Bf8 27.
Rb2 Rc8 28. Nb5 Rc4 1/2-1/2

[Event "DUBAI CUP 2004"]
[Site "Tagaytay, Phil."]
[Date "2004.03.27"]
[Round "9.3"]
[White "Prathiba, Yuvarajan"]
[Black "Nabil, Saleh"]
[Result "1/2-1/2"]
[WhiteElo "2229"]
[BlackElo "2349"]
[PlyCount "88"]
[EventDate "2004.03.21"]

1. e4 c6 2. d4 d5 3. Nd2 dxe4 4. Nxe4 Nf6 5. Nxf6+ exf6 6. Be3 Bd6 7. Qd2 Be6
8. Bd3 O-O 9. Ne2 Na6 10. c3 Nc7 11. Qc2 h6 12. Bf4 Nd5 13. Bxd6 Qxd6 14. O-O
Rfe8 15. Qd2 f5 16. c4 Nf6 17. Rad1 Rad8 18. b3 Bc8 19. Rfe1 Ne4 20. Bxe4 fxe4
21. Qe3 Bg4 22. h3 Bxe2 23. Rxe2 a6 24. Red2 Qf6 25. d5 cxd5 26. Rxd5 Rxd5 27.
cxd5 Qd6 28. Qd4 Re5 29. b4 Re8 30. Qc5 Rd8 31. Qxd6 Rxd6 32. Kf1 Kf8 33. Ke2
Ke7 34. Ke3 Rd8 35. Kxe4 Kd6 36. Rd4 Re8+ 37. Kd3 Re5 38. Kd2 Rxd5 39. Rxd5+
Kxd5 40. Kd3 b6 41. Kc3 a5 42. Kb3 Kc6 43. a4 axb4 44. Kxb4 Kd6 1/2-1/2

[Event "DUBAI CUP 2004"]
[Site "Tagaytay, Phil."]
[Date "2004.03.27"]
[Round "9.4"]
[White "Saeed, Ishaq"]
[Black "Lakshiminarayanan, Govindarajan"]
[Result "1-0"]
[WhiteElo "2081"]
[BlackElo "2009"]
[PlyCount "59"]
[EventDate "2004.03.21"]

1. d4 d5 2. c4 e6 3. Nc3 c5 4. e3 Nf6 5. Nf3 Nc6 6. Bd3 Be7 7. O-O O-O 8. a3 a6
9. dxc5 dxc4 10. Bxc4 Bxc5 11. b4 Be7 12. Bb2 b5 13. Bd3 Bb7 14. Qe2 h6 15.
Rfd1 Qb6 16. Rac1 Rfd8 17. Nb1 Rac8 18. Nbd2 Nd5 19. Ne4 Nb8 20. Bd4 Rxc1 21.
Rxc1 Nf4 22. Bxb6 Nxe2+ 23. Bxe2 Bxe4 24. Bxd8 Bxd8 25. Rc8 Nc6 26. Nd2 Bg6 27.
Rxc6 Kh7 28. Rxa6 Bf6 29. Bxb5 Bc3 30. Nf3 1-0

[Event "DUBAI CUP 2004"]
[Site "Tagaytay, Phil."]
[Date "2004.03.27"]
[Round "9.1"]
[White "Wong, Zi Jing"]
[Black "Chang, Hon Kun"]
[Result "1-0"]
[WhiteElo "2339"]
[BlackElo "2110"]
[PlyCount "75"]
[EventDate "2004.03.21"]

1. e4 e5 2. f4 exf4 3. Nf3 Bc5 4. d4 Bb6 5. Bxf4 Nf6 6. Nc3 d6 7. Qd2 Nc6 8.
O-O-O Ne7 9. Bd3 Ba5 10. Bg5 Nfg8 11. Rhe1 h6 12. Bh4 Bg4 13. Qf4 Qd7 14. h3
Bh5 15. Qh2 Bxf3 16. gxf3 g5 17. Bg3 O-O-O 18. Bb5 c6 19. Ba4 f5 20. d5 f4 21.
Bf2 Qc7 22. dxc6 bxc6 23. Bd4 Rh7 24. Qe2 Bb6 25. Qc4 Kb7 26. e5 d5 27. Qd3
Bxd4 28. Qxh7 Be3+ 29. Kb1 Qxe5 30. Ne4 Kb6 31. Rd3 Ka5 32. Nc5 Rb8 33. Rb3 Qd6
34. Nb7+ Rxb7 35. Rxb7 Kxa4 36. Rxe3 fxe3 37. Qd3 Qc5 38. Qa6+ 1-0

[Event "DUBAI CUP 2004"]
[Site "Tagaytay, Phil."]
[Date "2004.03.27"]
[Round "9.2"]
[White "Celis, Solomon"]
[Black "Siti, Zulaikha"]
[Result "0-1"]
[WhiteElo "2125"]
[BlackElo "2162"]
[PlyCount "92"]
[EventDate "2004.03.21"]

1. d4 Nf6 2. c4 e6 3. Nf3 b6 4. g3 Bb7 5. Bg2 Be7 6. O-O O-O 7. Nc3 Ne4 8. Qc2
Nxc3 9. bxc3 f5 10. d5 Na6 11. Rd1 Qc8 12. Bg5 Bxg5 13. Nxg5 Nc5 14. f4 a5 15.
a4 Rb8 16. e4 h6 17. Nh3 Ba6 18. Rd4 exd5 19. cxd5 fxe4 20. Bxe4 d6 21. Bh7+
Kh8 22. Nf2 Qe8 23. Bg6 Qe3 24. Kg2 Rbd8 25. Ng4 Qe2+ 26. Qxe2 Bxe2 27. h3 Nb3
28. Re1 Nxd4 29. cxd4 Bc4 30. Ne3 Bb3 31. Ra1 b5 32. axb5 a4 33. Kf3 Ra8 34.
Ke4 Rab8 35. Kd3 Rxb5 36. Nf5 Rxd5 37. Ne7 Ra5 38. Kc3 Bf7 39. Kb4 Ra7 40. Bxf7
Rxf7 41. Nc6 Rb7+ 42. Kc4 Rb3 43. Rg1 Rf8 44. h4 Ra8 45. g4 Rb6 46. d5 a3 0-1

[Event "DUBAI CUP 2004"]
[Site "Tagaytay, Phil."]
[Date "2004.03.27"]
[Round "9.4"]
[White "Fesalbon, Rolando"]
[Black "Fariz, Shafruddin"]
[Result "0-1"]
[WhiteElo "2170"]
[BlackElo "2043"]
[PlyCount "62"]
[EventDate "2004.03.21"]

1. Nf3 Nf6 2. c4 e6 3. g3 d5 4. Bg2 Be7 5. O-O O-O 6. b3 c5 7. d4 b6 8. Nc3 Bb7
9. Ne5 Nbd7 10. Nxd7 Qxd7 11. Bg5 h6 12. Bf4 Rad8 13. Nb5 a6 14. Nc3 Rfe8 15.
dxc5 bxc5 16. Qc2 d4 17. Na4 Bxg2 18. Kxg2 Qc6+ 19. Kg1 Bf8 20. a3 e5 21. Bd2
Ne4 22. Ba5 Rb8 23. Rab1 Nd6 24. f3 e4 25. Kg2 Nf5 26. Bd2 exf3+ 27. Kh3 Qe6
28. g4 Qxe2 29. Rg1 Bd6 30. gxf5 Qxh2+ 31. Kg4 h5+ 0-1